000 00692nam a2200217Ii 4500
003 JO-AjNU
008 230606s9999||||xx |||||||||||||| ||und||
020 _a978-1-444-10988-7
040 _aJO-AjNU
_beng
_erda
_cJO-AjNU
041 _aeng
050 1 4 _aP217.D384 2010
100 3 _aDavenport,Mike تأليف/S.J Hannahs م.مشارك,
_eauthor
_91585
245 0 0 _aIntroducing Phonetics and Phonology
250 _a3 ed
264 3 1 _aLondon:Hodder Education An Hachette Uk Company,2010
300 _a255p
336 _atext
_btxt
_2rdacontent
337 _aunmediated
_bn
_2rdamedia
338 _avolume
_bnc
_2rdacarrier
650 4 _aIntroducing Phonetics and Phonology-Phonology
_91586
999 _aE832
_c832
_d832